| 000 | 004730000a22001570004500 | ||
|---|---|---|---|
| 003 | MACL | ||
| 005 | 20180303164859.0 | ||
| 008 | 180303b xxu||||| |||| 00| 0 eng d | ||
| 040 | _cmacl | ||
| 100 |
_a देवी, महाश्वेता _938200 |
||
| 245 | _aमैं जो भी देखती हूं | ||
| 260 |
_b आधार प्रकाशन _c2003 |
||
| 350 | _a120 | ||
| 650 |
_a लिटरेचर, _970995 |
||
| 942 |
_cHIN _k800/DEV/L _2ddc |
||
| 999 |
_c18155 _d18155 |
||